000 00619nam a22001935i 4500
001 171805
003 ES-MaACL
005 20240229062730.0
008 090601s1973 sp |||| | spa d
080 _a946"1808/14"
100 1 _aSolís, Ramón,
_d1923-1978
_9107215
245 1 3 _aLa guerra de la independencia española /
_cRamón Solís.
250 _a[1ª ed.].
260 _aBarcelona :
_bNoguer,
_c[1973]
300 _a386 p., 28 h. de lám. :
_bil. ;
_c26 cm.
651 4 _aEspaña-
_xHistoria-
_y1808-1814, Guerra de la Independencia
_98244
852 _aES-MaACL
_jC-55153
_9R.87922
999 _c171805
_d171805